| 000 | 00638nam a2200205Ia 4500 | ||
|---|---|---|---|
| 003 | GCL | ||
| 008 | 140319s9999 xx 000 0 ara d | ||
| 040 |
_aGCL / _cGCL |
||
| 082 | 0 | 4 |
_a745.6191 _bح ف |
| 100 | 1 | _aحسن قاسم حبش البياتى | |
| 245 | 1 | 0 |
_aفن الخط العربى والزخرفة الاسلامية / _cحسن قاسم حبش البياتى |
| 260 |
_aبيروت : _bدار القلم للتراث ، _c1990 |
||
| 300 |
_a134 ص: _bايض ؛ _c30 سم |
||
| 490 | _a | ||
| 650 | 0 | 4 | _aالخط العربى |
| 650 | 0 | 4 | _aالخط |
| 650 | 0 | 4 | _aالزخرفة |
| 650 | 0 | 4 | _aتحسين |
| 942 |
_2ddc _cBK |
||
| 999 |
_c54519 _d54519 |
||